Normal view
MARC view
Entry Personal Name
001 - CONTROL NUMBER
- control field: 20335
003 - CONTROL NUMBER IDENTIFIER
- control field: ARRUPE
005 - DATE AND TIME OF LATEST TRANSACTION
- control field: 20151020113840.0
008 - FIXED-LENGTH DATA ELEMENTS
- fixed length control field: 151020|| aca||aabn | a|a d
040 ## - CATALOGING SOURCE
- Original cataloging agency: ARRUPE
- Transcribing agency: ARRUPE
100 ## - HEADING--PERSONAL NAME
- Personal name: Goldman, Michael
670 ## - SOURCE DATA FOUND
- Source citation: Work cat.: (ARRUPE): Goldman, Michael, Review of Heelan, Patrick A. - space - perception and philosophy of science p.107-111, 1895